000 00771nam a2200253Ia 4500
003 OSt
005 20220925214323.0
006 a|||||r|||| 00| 0
007 ta
008 220923b |||||||| |||| 00| 0 eng d
020 _c840.41
037 _b1429, 03/01/2001,
_cGeneral Book
040 _aRTL
_cRTL
_beng
041 _2eng
_aeng
082 _aY:(G:55), N9
100 _aTorgerson Douglas
_9277814
245 0 _aPromise of green politics
_b Environmentalism and the public sphere
260 _aLondon
_bDuke Universiy Press
_c1999
300 _axvi,218p.
_ccm.
500 _aBibilography P 193-211
650 _aSociomery
_9230825
942 _hY:(G:55), N9
_cGB
_2CC
999 _c565141
_d565141